[Event "IBCA EU-chT blind 03rd"]
[Site "Genova"]
[Date "2023.04.27"]
[Round "7.1"]
[White "Streltsov, Alexey"]
[Black "Cajzler, Hinko"]
[Result "1-0"]
[WhiteElo "2326"]
[BlackElo "2030"]
[PlyCount "145"]
[EventDate "2023.04.20"]
[EventType "team-swiss"]
[EventRounds "9"]
[EventCountry "ITA"]
[SourceTitle "CBM 213 Extra"]
[Source "ChessBase"]
[SourceDate "2023.05.31"]
[SourceVersion "1"]
[SourceVersionDate "2023.05.31"]
[SourceQuality "1"]
[WhiteTeam "Israel"]
[BlackTeam "Croatia"]
[WhiteTeamCountry "ISR"]
[BlackTeamCountry "CRO"]

1. d4 Nf6 2. Nc3 d5 3. Bf4 c6 4. e3 g6 5. Nf3 Bg4 6. h3 Bxf3 7. Qxf3 Nbd7 8. Bd3 Bg7 9. g4 h6 10. 0-0-0 Qa5 11. Kb1 b5 12. e4 b4 13. Ne2 dxe4 14. Bxe4 Nxe4 15. Qxe4 Qd5 16. Qe3 e6 17. b3 Nf6 18. Ng3 a5 19. Be5 Kf8 20. f4 a4 21. Qd2 Qb5 22. Bd6+ Kg8 23. Qxb4 Nd5 24. Qxb5 cxb5 25. Ne2 axb3 26. axb3 Kh7 27. Kb2 Ra6 28. Bc5 Rha8 29. Ra1 Rxa1 30. Rxa1 Rxa1 31. Kxa1 f5 32. gxf5 gxf5 33. Kb2 Kg6 34. c4 bxc4 35. bxc4 Nf6 36. Bb4 Kf7 37. Ng3 h5 38. Kc2 h4 39. Ne2 Ne4 40. Be1 Bf6 41. Kd3 Bd8 42. Ng1 Kg6 43. Nf3 Kh5 44. d5 exd5 45. cxd5 Bc7 46. Ne5 Bb6 47. Kc4 Be3 48. Nd3 Bb6 49. Bb4 Kg6 50. Ne5+ Kg7 51. Nd3 Kf7 52. Be1 Bd8 53. Ne5+ Ke8 54. Nf3 Ng3 55. Kd3 Kd7 56. Bb4 Ne4 57. Be1 Ng3 58. Bb4 Ne4 59. Ne5+ Kc8 60. Be1 Nf6 61. Kc4 Nh5 62. Bd2 Nf6 63. Nf7 Bb6 64. Nd6+ Kd7 65. Nxf5 Ne4 66. Be1 Bf2 67. Bxf2 Nxf2 68. Nxh4 Nxh3 69. Ng6 Kd6 70. f5 Ng5 71. f6 Nf7 72. Kd4 Ng5 73. Ne5 1-0

[Event "IBCA World-chT blind 9th"]
[Site "Ohrid"]
[Date "2022.07.07"]
[Round "9.8"]
[White "Cajzler, Hinko"]
[Black "Ymeri, Rinor"]
[Result "1-0"]
[WhiteElo "2081"]
[BlackElo "1603"]
[PlyCount "61"]
[EventDate "2022.06.28"]
[EventType "team-swiss"]
[EventRounds "9"]
[EventCountry "MKD"]
[SourceTitle "EXT 2024"]
[Source "ChessBase"]
[SourceDate "2023.10.10"]
[SourceVersion "1"]
[SourceVersionDate "2023.10.10"]
[SourceQuality "1"]
[WhiteTeam "Croatia"]
[BlackTeam "Kosovo"]
[WhiteTeamCountry "CRO"]
[BlackTeamCountry "KOS"]

1. e4 e6 2. d4 d5 3. Nc3 Bb4 4. e5 c5 5. a3 Bxc3+ 6. bxc3 cxd4 7. cxd4 Ne7 8. Bd3 Nbc6 9. Nf3 h6 10. h4 Bd7 11. Bd2 Qc7 12. h5 Nf5 13. c3 Na5 14. g4 Ne7 15. a4 Nc4 16. Qb3 Nxd2 17. Nxd2 Bc6 18. Rh3 Qb6 19. Qb4 Qxb4 20. cxb4 a6 21. Nb3 b6 22. Kd2 g6 23. a5 Bb5 24. axb6 Bxd3 25. Kxd3 Nc6 26. b5 Nb8 27. b7 Ra7 28. Nc5 0-0 29. b6 Nc6 30. bxa7 Nxa7 31. Rxa6 1-0

[Event "IBCA World-chT blind 9th"]
[Site "Ohrid"]
[Date "2022.07.04"]
[Round "7.1"]
[White "Somender, BL."]
[Black "Cajzler, Hinko"]
[Result "1/2-1/2"]
[WhiteElo "1491"]
[BlackElo "2081"]
[PlyCount "82"]
[EventDate "2022.06.28"]
[EventType "team-swiss"]
[EventRounds "9"]
[EventCountry "MKD"]
[SourceTitle "EXT 2024"]
[Source "ChessBase"]
[SourceDate "2023.10.10"]
[SourceVersion "1"]
[SourceVersionDate "2023.10.10"]
[SourceQuality "1"]
[WhiteTeam "India"]
[BlackTeam "Croatia"]
[WhiteTeamCountry "IND"]
[BlackTeamCountry "CRO"]

1. c4 e6 2. Nf3 f5 3. d4 d5 4. g3 Nf6 5. Bf4 c6 6. Bg2 Be7 7. Nc3 0-0 8. 0-0 Ne4 9. Rc1 Nd7 10. h4 Qe8 11. Ne5 Nxe5 12. Bxe5 Bf6 13. Bxf6 Rxf6 14. Nxe4 fxe4 15. f3 exf3 16. exf3 Qg6 17. Kh2 Bd7 18. Qb3 Rb8 19. Qa3 Ra8 20. Qb4 b6 21. Qd6 Be8 22. f4 Qf7 23. Rfe1 Qd7 24. Qxd7 Bxd7 25. Bh3 Rd8 26. cxd5 exd5 27. Re7 Bxh3 28. Kxh3 a5 29. Rc7 Rdd6 30. a4 Rfe6 31. Rb7 Re4 32. Rxb6 Rxd4 33. b3 Rd3 34. Rcxc6 Rxc6 35. Rxc6 d4 36. Rc5 Rxb3 37. Rxa5 d3 38. Rd5 Ra3 39. a5 d2 40. Rxd2 Rxa5 41. Rd7 h5 1/2-1/2

[Event "IBCA EU-chT blind 2nd"]
[Site "Calimanesti"]
[Date "2019.10.08"]
[Round "4.1"]
[White "Nizam, Rasim"]
[Black "Cajzler, Hinko"]
[Result "1/2-1/2"]
[WhiteElo "2147"]
[BlackElo "2116"]
[PlyCount "86"]
[EventDate "2019.10.05"]
[EventType "team-swiss"]
[EventRounds "9"]
[EventCountry "ROU"]
[SourceTitle "CBM 192 Extra"]
[Source "Chessbase"]
[SourceDate "2019.11.06"]
[SourceVersion "1"]
[SourceVersionDate "2019.11.06"]
[SourceQuality "1"]
[WhiteTeam "Bulgaria"]
[BlackTeam "Croatia"]
[WhiteTeamCountry "BUL"]
[BlackTeamCountry "CRO"]

1. e4 c6 2. d4 d5 3. e5 Bf5 4. Nf3 e6 5. Be2 Nd7 6. Nbd2 h6 7. Nb3 Ne7 8. 0-0 g5 9. Ne1 c5 10. Nxc5 Nxc5 11. dxc5 Nc6 12. Bd3 Be4 13. Qe2 Bxc5 14. Bxe4 dxe4 15. Qxe4 Qd4 16. Qf3 g4 17. Qe2 h5 18. Nd3 Bb6 19. Bg5 Rg8 20. Bh4 Bd8 21. Bxd8 Rxd8 22. Rad1 Qc4 23. c3 Rd5 24. Qe3 Qxa2 25. f4 Qa6 26. Kh1 Qb6 27. Qe4 Qd8 28. Qh7 Ne7 29. f5 exf5 30. Rxf5 Rf8 31. Rff1 Ng6 32. e6 Qg5 33. exf7+ Kd8 34. Qg7 Kc7 35. Nb4 Rxd1 36. Rxd1 Qf5 37. Qd4 Qxf7 38. Qd6+ Kc8 39. Rg1 h4 40. Nd5 h3 41. Qc5+ Kb8 42. Qd6+ Kc8 43. Qc5+ Kb8 1/2-1/2

[Event "IBCA EU-chT blind 2nd"]
[Site "Calimanesti"]
[Date "2019.10.07"]
[Round "3.1"]
[White "Cajzler, Hinko"]
[Black "Rev, Miklos"]
[Result "1-0"]
[WhiteElo "2116"]
[BlackElo "1990"]
[PlyCount "57"]
[EventDate "2019.10.05"]
[EventType "team-swiss"]
[EventRounds "9"]
[EventCountry "ROU"]
[SourceTitle "CBM 192 Extra"]
[Source "Chessbase"]
[SourceDate "2019.11.06"]
[SourceVersion "1"]
[SourceVersionDate "2019.11.06"]
[SourceQuality "1"]
[WhiteTeam "Croatia"]
[BlackTeam "Hungary"]
[WhiteTeamCountry "CRO"]
[BlackTeamCountry "HUN"]

1. d4 Nf6 2. Nf3 g6 3. c4 Bg7 4. Nc3 0-0 5. g3 d6 6. Bg2 Nbd7 7. 0-0 e5 8. e4 Re8 9. h3 c6 10. d5 cxd5 11. cxd5 Nc5 12. Re1 a5 13. b3 Nh5 14. Be3 b6 15. Rc1 f5 16. exf5 gxf5 17. Ng5 Nf6 18. Bxc5 bxc5 19. Ne6 Bxe6 20. dxe6 Rb8 21. Qf3 f4 22. gxf4 e4 23. Nxe4 Nxe4 24. Rxe4 Qf6 25. Qd3 Bh6 26. Qxd6 Rbd8 27. Qc7 Rc8 28. Qd7 Bxf4 29. Qf7+ 1-0

[Event "Osijek op 12th"]
[Site "Osijek"]
[Date "2019.02.22"]
[Round "3.3"]
[White "Cajzler, Hinko"]
[Black "Stocko, Josip"]
[Result "0-1"]
[WhiteElo "2142"]
[BlackElo "2294"]
[PlyCount "106"]
[EventDate "2019.02.21"]
[EventType "swiss"]
[EventRounds "7"]
[EventCountry "CRO"]
[SourceTitle "EXT 2023"]
[Source "ChessBase"]
[SourceDate "2022.10.05"]
[SourceVersion "1"]
[SourceVersionDate "2022.10.05"]
[SourceQuality "1"]

1. d4 Nf6 2. Nf3 e6 3. g3 b6 4. Bg2 Bb7 5. c4 Be7 6. Nc3 0-0 7. 0-0 d6 8. Qc2 Na6 9. e4 Nd7 10. d5 e5 11. Bh3 Nf6 12. Nh4 g6 13. Bh6 Re8 14. Ng2 Bc8 15. Bxc8 Qxc8 16. f3 c5 17. g4 Nc7 18. a4 a6 19. h3 Qd7 20. b3 Kh8 21. Qd2 Ng8 22. Be3 Reb8 23. f4 exf4 24. Rxf4 f6 25. Ne2 b5 26. Raf1 bxc4 27. bxc4 Qxa4 28. g5 Ne8 29. Rh4 Qb4 30. Qd3 Qb3 31. Qd2 Qb2 32. Qe1 fxg5 33. Bd2 Qg7 34. Rg4 Rb3 35. Bxg5 Ngf6 36. Rgf4 Rxh3 37. Qa1 Kg8 38. e5 dxe5 39. Qxe5 Rh5 40. Ng3 Rxg5 41. Qxg5 Ne4 42. Qg4 Nxg3 43. Rf7 Qe5 44. Rxe7 Qxe7 45. Qxg3 Nd6 46. Re1 Qf6 47. Kh2 Nxc4 48. Re6 Qf5 49. Qc7 Qxd5 50. Nf4 Qd2+ 51. Ne2 Rf8 52. Re7 Qd6+ 53. Kg1 Qxc7 0-1

[Event "Osijek op 12th"]
[Site "Osijek"]
[Date "2019.02.21"]
[Round "1.13"]
[White "Cajzler, Hinko"]
[Black "Ronta, Ivan"]
[Result "1-0"]
[WhiteElo "2142"]
[BlackElo "1711"]
[PlyCount "49"]
[EventDate "2019.02.21"]
[EventType "swiss"]
[EventRounds "7"]
[EventCountry "CRO"]
[SourceTitle "EXT 2023"]
[Source "ChessBase"]
[SourceDate "2022.10.05"]
[SourceVersion "1"]
[SourceVersionDate "2022.10.05"]
[SourceQuality "1"]

1. e4 d5 2. exd5 Nf6 3. d4 Nxd5 4. c4 Nb6 5. Nc3 e5 6. d5 c6 7. Nf3 cxd5 8. cxd5 Bd6 9. Bb5+ Bd7 10. 0-0 0-0 11. Re1 Bg4 12. Be2 N8d7 13. Bg5 f6 14. Be3 Rc8 15. Rc1 Qe8 16. Nd2 Bxe2 17. Qxe2 f5 18. Nb5 Rxc1 19. Rxc1 Qb8 20. Nc4 Be7 21. d6 Bd8 22. Bxb6 Bxb6 23. Nxb6 axb6 24. Rc7 Rc8 25. Qc4+ 1-0

[Event "IBCA-ol blind 15th"]
[Site "Ohrid"]
[Date "2017.06.26"]
[Round "7.1"]
[White "Cajzler, Hinko"]
[Black "Bindzus, Ernst"]
[Result "1-0"]
[WhiteElo "2093"]
[BlackElo "1963"]
[PlyCount "57"]
[EventDate "2017.06.19"]
[EventType "team-swiss"]
[EventRounds "9"]
[EventCountry "MKD"]
[SourceTitle "CBM 179 Extra"]
[Source "ChessBase"]
[SourceDate "2017.08.23"]
[SourceVersion "1"]
[SourceVersionDate "2017.08.23"]
[SourceQuality "1"]
[WhiteTeam "Croatia"]
[BlackTeam "Denmark"]
[WhiteTeamCountry "CRO"]
[BlackTeamCountry "DEN"]

1. d4 f5 2. Nf3 Nf6 3. g3 g6 4. Bg2 Bg7 5. c4 d6 6. Nc3 0-0 7. 0-0 Nc6 8. d5 Na5 9. Qd3 c5 10. b3 h6 11. Bb2 Bd7 12. Nd2 Rb8 13. Rae1 a6 14. Ba1 b5 15. e4 f4 16. Ne2 Nh5 17. Bxg7 Kxg7 18. Qc3+ Kh7 19. e5 b4 20. Qb2 dxe5 21. Qxe5 Rf7 22. Be4 Bf5 23. Nxf4 Nxf4 24. Qxf4 Nb7 25. Bxf5 Rxf5 26. Qe3 Rf7 27. Qe6 Nd6 28. Ne4 Nxe4 29. Qxf7+ 1-0

[Event "Osijek op 10th"]
[Site "Osijek"]
[Date "2017.02.24"]
[Round "3"]
[White "Stocko, Josip"]
[Black "Cajzler, Hinko"]
[Result "1/2-1/2"]
[WhiteElo "2348"]
[BlackElo "2086"]
[PlyCount "152"]
[EventDate "2017.02.23"]
[EventType "swiss"]
[EventRounds "7"]
[EventCountry "CRO"]
[SourceTitle "EXT 2019"]
[Source "ChessBase"]
[SourceDate "2018.10.10"]
[SourceVersion "1"]
[SourceVersionDate "2018.10.10"]
[SourceQuality "1"]

1. e4 e5 2. Nf3 Nc6 3. d3 d6 4. Be2 Be7 5. 0-0 Bf6 6. c3 Nge7 7. Nbd2 Ng6 8. Re1 0-0 9. b4 a6 10. Bf1 Kh8 11. Nc4 d5 12. Ne3 Nce7 13. Qc2 c6 14. a4 Be6 15. Nd2 d4 16. Nec4 dxc3 17. Qxc3 Qc7 18. Nb3 Nc8 19. a5 Be7 20. Be3 Nd6 21. Bb6 Qb8 22. Nxd6 Bxd6 23. Nc5 Bc8 24. g3 Re8 25. Be2 Nf8 26. Bh5 g6 27. Bd1 Ne6 28. Bb3 Bxc5 29. Bxc5 Nxc5 30. bxc5 Be6 31. Rab1 Kg8 32. Ba4 Qc7 33. Rb6 Rad8 34. Reb1 Bc8 35. Bb3 Kg7 36. Bc4 Rd4 37. R1b4 Red8 38. Qb2 R8d7 39. Kg2 Qd8 40. f4 Qe7 41. fxe5 Qxe5 42. Bd5 R4xd5 43. exd5 Qxb2+ 44. Rxb2 Rxd5 45. Rc2 Rxd3 46. Rbb2 Ra3 47. Ra2 Rb3 48. Kf2 h5 49. Re2 Rb5 50. Rec2 Kf6 51. Ke3 Ke5 52. Rf2 Rb3+ 53. Kd2 Be6 54. Re2+ Kd4 55. Rc2 Ra3 56. Rb2 Rxa5 57. Rxb7 Ra2+ 58. Ke1 Rxe2+ 59. Kxe2 Kxc5 60. Kd2 a5 61. Kc3 a4 62. Ra7 Bb3 63. Ra5+ Kb6 64. Kb4 Kc7 65. Kc5 Kd7 66. Ra7+ Ke6 67. Kxc6 Kf5 68. Rb7 Kg4 69. Kd6 Kh3 70. Ke5 Kxh2 71. Kf4 g5+ 72. Kxg5 Kxg3 73. Kxh5 f5 74. Rg7+ Kf3 75. Ra7 Bd1 76. Kh4 Bb3 1/2-1/2

[Event "IBCA EU-chT blind 01st"]
[Site "Warsaw"]
[Date "2016.07.26"]
[Round "3.1"]
[White "Van Loy, Rick"]
[Black "Cajzler, Hinko"]
[Result "1-0"]
[WhiteElo "1899"]
[BlackElo "2099"]
[PlyCount "87"]
[EventDate "2016.07.24"]
[EventType "team-swiss"]
[EventRounds "9"]
[EventCountry "POL"]
[SourceTitle "CBM 173 Extra"]
[Source "ChessBase"]
[SourceDate "2016.08.29"]
[SourceVersion "1"]
[SourceVersionDate "2016.08.29"]
[SourceQuality "1"]
[WhiteTeam "Netherlands"]
[BlackTeam "Croatia"]
[WhiteTeamCountry "NED"]
[BlackTeamCountry "CRO"]

1. e4 c5 2. Nf3 Nc6 3. d4 cxd4 4. Nxd4 Nf6 5. Nc3 e5 6. Ndb5 d6 7. Bg5 a6 8. Na3 b5 9. Nd5 Be7 10. Bxf6 Bxf6 11. c3 Bg5 12. Nc2 0-0 13. a4 bxa4 14. Rxa4 a5 15. b4 Be6 16. b5 Ne7 17. Bc4 Bxd5 18. Bxd5 Nxd5 19. Qxd5 Qb6 20. 0-0 Rac8 21. c4 Rc5 22. Qd3 Rfc8 23. g3 g6 24. Kg2 Qc7 25. f4 exf4 26. gxf4 Bh6 27. Ne3 Qd8 28. Nd5 Kh8 29. f5 Qh4 30. f6 Qg4+ 31. Kh1 Bf8 32. Rb1 h5 33. Rg1 Qe6 34. Rb1 Kh7 35. Rg1 Bh6 36. Rf1 Bg5 37. Rf2 Qe5 38. Nb6 Re8 39. Nd7 Qxe4+ 40. Qxe4 Rxe4 41. Nxc5 Re1+ 42. Kg2 dxc5 43. Rxa5 Bh4 44. b6 1-0

[Event "CRO-chT2 Ost"]
[Site "Croatia"]
[Date "2015.10.25"]
[Round "10.53"]
[White "Cajzler, Hinko"]
[Black "Dulic, Grgur"]
[Result "0-1"]
[WhiteElo "2135"]
[BlackElo "2237"]
[PlyCount "112"]
[EventDate "2015.04.25"]
[EventType "team-tourn"]
[EventRounds "11"]
[EventCountry "CRO"]
[SourceTitle "EXT 2016"]
[Source "ChessBase"]
[SourceDate "2015.10.08"]
[SourceVersion "1"]
[SourceVersionDate "2015.10.08"]
[SourceQuality "1"]

1. d4 Nf6 2. c4 g6 3. Nc3 d5 4. Nf3 Bg7 5. Qb3 dxc4 6. Qxc4 0-0 7. e4 a6 8. Bf4 b5 9. Qxc7 Qxc7 10. Bxc7 b4 11. Na4 Nbd7 12. Bd3 Bb7 13. Nd2 Ne8 14. Ba5 Bxd4 15. Bxb4 Nd6 16. Rc1 f5 17. Bxd6 exd6 18. exf5 Bxg2 19. Rg1 Bd5 20. Rg4 Rae8+ 21. Kf1 Ba7 22. Rc7 Ne5 23. Rg3 Bb8 24. Rc1 Nxd3 25. Rxd3 Rxf5 26. Nc3 Bb7 27. Nc4 Ba7 28. Nd1 Be4 29. Rxd6 Ref8 30. Rd2 Rh5 31. Rc3 Rxh2 32. Rg3 Bf3 33. Nde3 Rh1+ 34. Rg1 Rh2 35. Ke1 Bc5 36. a3 Bc6 37. b4 Be7 38. Ng4 Rh4 39. Nce5 Bb5 40. Ne3 Re4 41. Nd7 Rf3 42. Kd1 Bxd7 43. Rxd7 Rxf2 44. Nd5 Bh4 45. Nc3 Re3 46. Rc7 Rf7 47. Rc8+ Kg7 48. Kc2 Bf6 49. Nb1 Rfe7 50. Rf1 h5 51. Rc6 R3e6 52. Rc4 h4 53. a4 Re2+ 54. Kb3 Rb2+ 55. Ka3 Re3+ 56. Nc3 Rxc3+ 0-1

[Event "IBCA EU-ch blind 06th"]
[Site "Lyon"]
[Date "2015.07.29"]
[Round "5"]
[White "Cajzler, Hinko"]
[Black "Clemente Llamero, Roberto"]
[Result "0-1"]
[WhiteElo "2135"]
[BlackElo "2076"]
[PlyCount "110"]
[EventDate "2015.07.25"]
[EventType "swiss"]
[EventRounds "9"]
[EventCountry "FRA"]
[SourceTitle "CBM 167 Extra"]
[Source "ChessBase"]
[SourceDate "2015.09.14"]
[SourceVersion "1"]
[SourceVersionDate "2015.09.14"]
[SourceQuality "1"]

1. c4 e6 2. Nc3 d5 3. d4 Nf6 4. Bg5 Be7 5. e3 0-0 6. Rc1 h6 7. Bf4 c6 8. cxd5 Nxd5 9. Nxd5 cxd5 10. a3 Nc6 11. Nf3 Qb6 12. Rb1 Bd7 13. Bd3 Rfc8 14. h4 Bf8 15. h5 Nd8 16. Qe2 a6 17. Ne5 Bb5 18. 0-0 Bxd3 19. Qxd3 Nc6 20. b4 Nxe5 21. Bxe5 Qb5 22. Qd1 Qc4 23. Qc1 Qd3 24. Qb2 Rc2 25. Qa1 Rac8 26. Rbc1 R8c4 27. Rxc2 Qxc2 28. Qd1 Qxd1 29. Rxd1 f6 30. Bb8 Kf7 31. Ba7 Bd6 32. Bc5 Bc7 33. b5 b6 34. Bb4 axb5 35. Bd2 Bd6 36. Bc1 Rc2 37. g4 f5 38. gxf5 exf5 39. Kg2 Kf6 40. Kf3 g6 41. hxg6 Kxg6 42. Rg1+ Kh7 43. Rh1 Kg6 44. Rg1+ Kf7 45. Rh1 h5 46. Kg2 Rc8 47. Rd1 h4 48. Rf1 Be7 49. Kf3 Rc2 50. Rh1 Ra2 51. Rd1 Bd6 52. Rh1 Ra1 53. Kg2 h3+ 54. Rxh3 Rxc1 55. Rh7+ Ke6 0-1

[Event "IBCA EU-ch blind 06th"]
[Site "Lyon"]
[Date "2015.07.26"]
[Round "2"]
[White "Tazbir, Marcin"]
[Black "Cajzler, Hinko"]
[Result "1-0"]
[WhiteElo "2516"]
[BlackElo "2135"]
[PlyCount "105"]
[EventDate "2015.07.25"]
[EventType "swiss"]
[EventRounds "9"]
[EventCountry "FRA"]
[SourceTitle "CBM 167 Extra"]
[Source "ChessBase"]
[SourceDate "2015.09.14"]
[SourceVersion "1"]
[SourceVersionDate "2015.09.14"]
[SourceQuality "1"]

1. g3 d5 2. Bg2 Nf6 3. Nf3 c6 4. 0-0 Bg4 5. b3 e6 6. Bb2 Be7 7. c4 Nbd7 8. d3 0-0 9. Qc2 Re8 10. Nbd2 h6 11. Rfe1 Bf8 12. Rac1 e5 13. h3 Bxf3 14. Bxf3 Qb6 15. Bg2 a5 16. a3 Bd6 17. e3 Qd8 18. Nb1 Qe7 19. cxd5 Nxd5 20. Rcd1 Nc7 21. Bf1 Rf8 22. Qc1 Rac8 23. Nd2 Ne6 24. d4 Bb8 25. dxe5 Bxe5 26. Nc4 Bxb2 27. Qxb2 Ra8 28. Bg2 Ndc5 29. f4 Rfd8 30. Qc3 Qc7 31. Kh2 a4 32. b4 Nb3 33. Nb2 c5 34. b5 Rxd1 35. Rxd1 Qa5 36. Qxa5 Rxa5 37. b6 Ra6 38. Rd6 Na5 39. Bf1 Ra8 40. f5 Nf8 41. Nxa4 c4 42. Nc3 g6 43. g4 gxf5 44. gxf5 Kg7 45. Nd5 Nc6 46. Bxc4 Ne5 47. Bf1 Rxa3 48. Bg2 Nfd7 49. f6+ Kf8 50. Be4 Ra8 51. Bf5 Nc5 52. Nc7 Nc4 53. Rd4 1-0

[Event "IBCA EU-ch blind 06th"]
[Site "Lyon"]
[Date "2015.07.25"]
[Round "1"]
[White "Cajzler, Hinko"]
[Black "Platon, Constantin"]
[Result "1-0"]
[WhiteElo "2135"]
[BlackElo "1701"]
[PlyCount "53"]
[EventDate "2015.07.25"]
[EventType "swiss"]
[EventRounds "9"]
[EventCountry "FRA"]
[SourceTitle "CBM 167 Extra"]
[Source "ChessBase"]
[SourceDate "2015.09.14"]
[SourceVersion "1"]
[SourceVersionDate "2015.09.14"]
[SourceQuality "1"]

1. e4 d6 2. d4 Nf6 3. Nc3 c6 4. f4 a6 5. a4 Bg4 6. Nf3 e6 7. Be2 Bxf3 8. Bxf3 d5 9. e5 Nfd7 10. Ne2 c5 11. c3 Nc6 12. 0-0 Rc8 13. Kh1 Be7 14. f5 cxd4 15. cxd4 Qb6 16. fxe6 fxe6 17. Bh5+ Kd8 18. Bg4 Nf8 19. Bd2 Kd7 20. a5 Qd8 21. Qb3 Rc7 22. Qxd5+ Kc8 23. Bxe6+ Nxe6 24. Qxe6+ Kb8 25. d5 Na7 26. d6 Rc8 27. Qxe7 1-0

[Event "Zadar op-B 21th"]
[Site "Zadar"]
[Date "2014.12.17"]
[Round "6"]
[White "Cajzler, Hinko"]
[Black "Bozinovic, Bogdan"]
[Result "0-1"]
[WhiteElo "2161"]
[BlackElo "2281"]
[PlyCount "88"]
[EventDate "2014.12.14"]
[EventType "swiss"]
[EventRounds "9"]
[EventCountry "CRO"]
[SourceTitle "EXT 2016"]
[Source "ChessBase"]
[SourceDate "2015.10.08"]
[SourceVersion "1"]
[SourceVersionDate "2015.10.08"]
[SourceQuality "1"]

1. d4 Nf6 2. c4 c5 3. d5 a6 4. a4 e6 5. Nc3 Bd6 6. Nf3 Bc7 7. Qd3 exd5 8. cxd5 d6 9. h3 0-0 10. Bg5 Re8 11. e3 Nbd7 12. Be2 Nf8 13. Bh4 Ng6 14. Bg3 Bd7 15. 0-0 Rb8 16. Nd2 b5 17. axb5 axb5 18. b3 Ne5 19. Bxe5 Rxe5 20. f4 c4 21. Qc2 Rxe3 22. Bf3 Bb6 23. Kh1 Bd4 24. Ne2 Bxa1 25. Rxa1 Qe7 26. Nd4 Re1+ 27. Rxe1 Qxe1+ 28. Kh2 Qe3 29. Ne2 Rc8 30. bxc4 bxc4 31. Qc3 Nxd5 32. Bxd5 Qxe2 33. Bxc4 Be6 34. Bxe2 Rxc3 35. Bf3 d5 36. Kg3 Kf8 37. Kf2 Ke7 38. Ke2 Kd6 39. Nb1 Rc2+ 40. Nd2 Kc5 41. g4 Kd4 42. Kd1 Rc3 43. f5 Bd7 44. Bg2 Ke3 0-1

[Event "Zadar op-B 21th"]
[Site "Zadar"]
[Date "2014.12.16"]
[Round "4"]
[White "Cajzler, Hinko"]
[Black "Curic, Drazen"]
[Result "1/2-1/2"]
[WhiteElo "2161"]
[BlackElo "2236"]
[PlyCount "79"]
[EventDate "2014.12.14"]
[EventType "swiss"]
[EventRounds "9"]
[EventCountry "CRO"]
[SourceTitle "EXT 2016"]
[Source "ChessBase"]
[SourceDate "2015.10.08"]
[SourceVersion "1"]
[SourceVersionDate "2015.10.08"]
[SourceQuality "1"]

1. d4 Nf6 2. c4 c5 3. d5 Ne4 4. f3 Qa5+ 5. Nd2 Nd6 6. e4 g6 7. Kf2 Bg7 8. Nb3 Qd8 9. Bd3 b5 10. Nd2 Bd4+ 11. Kf1 bxc4 12. Nxc4 Nxc4 13. Bxc4 0-0 14. Ne2 Bg7 15. Rb1 d6 16. g4 Nd7 17. Ng3 Nb6 18. Be2 e6 19. dxe6 fxe6 20. h4 d5 21. h5 Bb7 22. hxg6 hxg6 23. Kg2 Qf6 24. Be3 Rad8 25. Qc1 dxe4 26. Nxe4 Bxe4 27. fxe4 Qe5 28. Qc2 Nd5 29. Bd2 Nf4+ 30. Bxf4 Rxf4 31. Rbf1 Rxf1 32. Rxf1 Bh6 33. Re1 Rf8 34. Rf1 Bf4 35. b3 Rf7 36. Qd3 Qg5 37. Qf3 Qe5 38. Qd3 Kg7 39. a4 Qc7 40. Qc3+ 1/2-1/2